00583 2200229 4500001002100000005001500021035002000036245005400056100001100110250000600121300003500127260003400162082001000196084001600206020002200222650002400244990001700268990001700285990001700302990001700319990001700336INLIS00000000000012820180829010818 a0010-08180000921 aArt Paper :bKreasi Unik Buatan Sendiri /cSuci S0 aSuci S a- aiv, 69 hlm. :bilus. ;c21 cm. aBandung :bTitian Ilmu,c2007 a745.5 a745.5 SUC a a978-979-1493-20-8 aKeterampilan Tangan a00549/P/2018 a00550/P/2018 a00551/P/2018 a00552/P/2018 a00577/P/2018